[Event "Heusenstamm Schloss op"]
[Site "Heusenstamm"]
[Date "2023.11.26"]
[Round "6"]
[White "Sydykov, Bayastan"]
[Black "Weiss, Matthias"]
[Result "1-0"]
[WhiteElo "2142"]
[BlackElo "1983"]
[PlyCount "51"]
[EventDate "2023.11.23"]
[EventType "swiss"]
[EventRounds "7"]
[EventCountry "GER"]
[SourceTitle "CB50_2023"]
[SourceDate "2023.12.13"]
[SourceVersion "1"]
[SourceVersionDate "2023.12.13"]
[SourceQuality "1"]

1. e4 c5 2. Nf3 e6 3. d4 cxd4 4. Nxd4 Nf6 5. Nc3 Nc6 6. Ndb5 Bb4 7. a3 Bxc3+ 8. Nxc3 0-0 9. Bd3 d5 10. exd5 exd5 11. 0-0 d4 12. Ne2 Qd5 13. Ng3 Bg4 14. f3 Be6 15. f4 Bg4 16. Qe1 Rfe8 17. Qf2 Bd7 18. h3 Rad8 19. b3 Ne7 20. f5 Bb5 21. Bxb5 Qxb5 22. Bg5 Ned5 23. Rfe1 Qb6 24. Ne2 Ne4 25. Bxd8 Rxd8 26. Qxd4 1-0

[Event "Heusenstamm Schloss op"]
[Site "Heusenstamm"]
[Date "2023.11.25"]
[Round "4"]
[White "Sydykov, Bayastan"]
[Black "Wachsmann, Elmar"]
[Result "1-0"]
[WhiteElo "2142"]
[BlackElo "1908"]
[PlyCount "36"]
[EventDate "2023.11.23"]
[EventType "swiss"]
[EventRounds "7"]
[EventCountry "GER"]
[SourceTitle "CB50_2023"]
[SourceDate "2023.12.13"]
[SourceVersion "1"]
[SourceVersionDate "2023.12.13"]
[SourceQuality "1"]

1. e4 e5 2. Nf3 Nc6 3. Bb5 a6 4. Ba4 Nf6 5. Qe2 b5 6. Bb3 Bc5 7. 0-0 0-0 8. d3 h6 9. Be3 Bxe3 10. fxe3 d5 11. exd5 Nxd5 12. Nc3 Be6 13. Ne4 Qe7 14. Qf2 Rad8 15. Rae1 f5 16. Ng3 Nf6 17. Nxf5 Qf7 18. Qg3 Kh7 1-0

[Event "Heusenstamm Schloss op"]
[Site "Heusenstamm"]
[Date "2023.11.24"]
[Round "2"]
[White "Sydykov, Bayastan"]
[Black "Held, Bernhard"]
[Result "1-0"]
[WhiteElo "2142"]
[BlackElo "1847"]
[PlyCount "47"]
[EventDate "2023.11.23"]
[EventType "swiss"]
[EventRounds "7"]
[EventCountry "GER"]
[SourceTitle "CB50_2023"]
[SourceDate "2023.12.13"]
[SourceVersion "1"]
[SourceVersionDate "2023.12.13"]
[SourceQuality "1"]

1. e4 c5 2. Nf3 Nc6 3. d4 cxd4 4. Nxd4 Nf6 5. Nc3 e5 6. Ndb5 d6 7. Nd5 Nxd5 8. exd5 Nb8 9. c4 a6 10. Nc3 Be7 11. Bd3 Nd7 12. 0-0 0-0 13. Qc2 Nf6 14. f4 exf4 15. Bxf4 h6 16. Rae1 Re8 17. h3 Nh5 18. Bh2 Bh4 19. Rxe8+ Qxe8 20. Ne4 f5 21. Nxd6 Qe3+ 22. Kh1 Bg3 23. Bxf5 Bxh2 24. Bh7+ 1-0

[Event "Marburg op-A"]
[Site "Marburg"]
[Date "2023.10.27"]
[Round "2"]
[White "Sydykov, Bayastan"]
[Black "Schulte, Stefan"]
[Result "1-0"]
[WhiteElo "2059"]
[BlackElo "1878"]
[PlyCount "61"]
[EventDate "2023.10.26"]
[EventType "swiss"]
[EventRounds "7"]
[EventCountry "GER"]
[SourceTitle "CB49_2023"]
[SourceDate "2023.12.06"]
[SourceVersion "1"]
[SourceVersionDate "2023.12.06"]
[SourceQuality "1"]

1. e4 c5 2. Nf3 Nc6 3. d4 cxd4 4. Nxd4 e5 5. Nb5 d6 6. c4 Nf6 7. N1c3 a6 8. Na3 g6 9. Bd3 Bg7 10. 0-0 0-0 11. Nc2 Be6 12. b3 Rc8 13. Bb2 Nh5 14. Ne3 Nf4 15. Rc1 f5 16. Bb1 Nd4 17. Kh1 b5 18. cxb5 axb5 19. g3 Nh3 20. exf5 gxf5 21. Qh5 b4 22. Qxh3 bxc3 23. Rxc3 Rxc3 24. Bxc3 Qa8+ 25. f3 Nxf3 26. Qg2 e4 27. Bxg7 Kxg7 28. g4 fxg4 29. Nxg4 Rf5 30. Bxe4 Qxe4 31. Nf2+ 1-0

[Event "Marburg op-A"]
[Site "Marburg"]
[Date "2023.10.27"]
[Round "3"]
[White "Zuo, Yifan"]
[Black "Sydykov, Bayastan"]
[Result "1-0"]
[WhiteElo "2322"]
[BlackElo "2059"]
[PlyCount "87"]
[EventDate "2023.10.26"]
[EventType "swiss"]
[EventRounds "7"]
[EventCountry "GER"]
[SourceTitle "CB49_2023"]
[SourceDate "2023.12.06"]
[SourceVersion "1"]
[SourceVersionDate "2023.12.06"]
[SourceQuality "1"]

1. d4 d5 2. c4 c6 3. Nf3 Nf6 4. Nc3 e6 5. Bg5 Nbd7 6. cxd5 exd5 7. a3 Be7 8. Qd2 0-0 9. e3 h6 10. Bh4 Re8 11. Bd3 Nf8 12. 0-0 Ne6 13. Ne5 Nd7 14. Bxe7 Rxe7 15. f4 g6 16. b4 Ng7 17. Rad1 Nf6 18. Qf2 Qd6 19. Be2 Bf5 20. Bf3 Qe6 21. h3 h5 22. Qh4 Bc2 23. Rd2 Nf5 24. Qe1 Be4 25. Bxe4 dxe4 26. g4 Ng7 27. f5 Qd6 28. g5 Nh7 29. f6 Rxe5 30. dxe5 Qxe5 31. fxg7 Nxg5 32. Ne2 Nf3+ 33. Rxf3 exf3 34. Nd4 Re8 35. Nxf3 Qc3 36. Kf2 Qxa3 37. Rd7 b6 38. Qd2 c5 39. Rxf7 cxb4 40. Rd7 Qb3 41. e4 Qe6 42. Qh6 Qxd7 43. Qh8+ Kf7 44. Ne5+ 1-0

[Event "Marburg op-A"]
[Site "Marburg"]
[Date "2023.10.26"]
[Round "1"]
[White "Hahnewald, Uwe"]
[Black "Sydykov, Bayastan"]
[Result "0-1"]
[WhiteElo "1806"]
[BlackElo "2059"]
[PlyCount "112"]
[EventDate "2023.10.26"]
[EventType "swiss"]
[EventRounds "7"]
[EventCountry "GER"]
[SourceTitle "CB49_2023"]
[SourceDate "2023.12.06"]
[SourceVersion "1"]
[SourceVersionDate "2023.12.06"]
[SourceQuality "1"]

1. d4 d5 2. c4 e6 3. Nc3 Nf6 4. cxd5 exd5 5. Bg5 Be7 6. Qc2 0-0 7. e3 c6 8. Bd3 Nbd7 9. Nge2 Re8 10. 0-0 Nf8 11. f3 h6 12. Bh4 c5 13. Bb5 Bd7 14. Bxd7 Qxd7 15. Rad1 Rac8 16. Bf2 Qc7 17. dxc5 Bxc5 18. Nxd5 Nxd5 19. Rxd5 Qb6 20. Nc3 Bxe3 21. Bxe3 Rxe3 22. Qf2 a6 23. Nd1 Re6 24. Qxb6 Rxb6 25. Rd2 Ne6 26. Ne3 Kf8 27. Kf2 Nc5 28. b3 a5 29. Rfd1 Ne6 30. Nc4 Ra6 31. Nd6 Rb8 32. Nb5 a4 33. Nd4 Nd8 34. b4 Rc8 35. Rc2 Rxc2+ 36. Nxc2 Ke7 37. Nd4 g6 38. a3 Rd6 39. Ke2 Rd5 40. Rd3 f5 41. Nc2 Rb5 42. Nd4 Rb6 43. Rc3 f4 44. h3 Kf6 45. Rc5 Ne6 46. Nxe6 Rxe6+ 47. Kd2 b6 48. Rd5 g5 49. Rd4 Kf5 50. Rd5+ Kg6 51. Rd4 Kh5 52. Re4 Rd6+ 53. Kc2 Kh4 54. Re2 Kg3 55. Kc1 Rd3 56. Ra2 Rb3 0-1

[Event "GER-chT Lands U20"]
[Site "Hannover"]
[Date "2023.10.01"]
[Round "2"]
[White "Hecht, Jonas Christian"]
[Black "Sydykov, Bayastan"]
[Result "0-1"]
[WhiteElo "1999"]
[BlackElo "1940"]
[PlyCount "72"]
[EventDate "2023.10.01"]
[EventType "team-swiss"]
[EventRounds "7"]
[EventCountry "GER"]
[SourceTitle "EXT 2024"]
[Source "ChessBase"]
[SourceDate "2023.10.10"]
[SourceVersion "1"]
[SourceVersionDate "2023.10.10"]
[SourceQuality "1"]

1. e4 e6 2. d4 d5 3. Nc3 Nf6 4. Bg5 dxe4 5. Nxe4 Be7 6. Bxf6 Bxf6 7. Nf3 0-0 8. Qd2 Nd7 9. Bd3 b6 10. h4 Bb7 11. h5 c5 12. dxc5 Nxc5 13. Nxc5 bxc5 14. h6 g6 15. c3 Rb8 16. Qc2 Qa5 17. Nd2 Bxg2 18. Nc4 Qc7 19. Rg1 Bf3 20. Rg3 Qf4 21. Nd2 Bh5 22. Ne4 Bh4 23. Rh3 Be7 24. Ng3 Bg4 25. Rh2 Qe5+ 26. Kf1 Rfd8 27. Re1 Qd5 28. Re3 Qxa2 29. f3 Bg5 30. Qf2 Bxe3 31. Qxe3 Qd5 32. Be2 Bf5 33. Nh5 gxh5 34. Qg5+ Bg6 35. Qf6 Kf8 36. Rg2 Qf5 0-1

[Event "Rhein Main op-A 25th"]
[Site "Bad Homburg"]
[Date "2023.06.10"]
[Round "5"]
[White "Uphoff, Lennart"]
[Black "Sydykov, Bayastan"]
[Result "1-0"]
[WhiteElo "2140"]
[BlackElo "1892"]
[PlyCount "71"]
[EventDate "2023.06.07"]
[EventType "swiss"]
[EventRounds "7"]
[EventCountry "GER"]
[SourceTitle "CBM 215 Extra"]
[Source "ChessBase"]
[SourceDate "2023.09.30"]
[SourceVersion "1"]
[SourceVersionDate "2023.09.30"]
[SourceQuality "1"]

1. d4 d5 2. c4 e6 3. Nc3 Nf6 4. cxd5 exd5 5. Bg5 c6 6. Qc2 g6 7. e3 Bf5 8. Qb3 b6 9. Nge2 h6 10. Bh4 Be7 11. f3 Nbd7 12. Bf2 0-0 13. g4 Be6 14. Nf4 Re8 15. Nxe6 fxe6 16. 0-0-0 Kg7 17. h4 Ng8 18. f4 b5 19. Bd3 Nf8 20. e4 b4 21. Na4 Nf6 22. g5 Nxe4 23. gxh6+ Kh7 24. Qc2 Qd6 25. Be3 Ng3 26. h5 Nf5 27. hxg6+ Nxg6 28. Rdg1 Rf8 29. Rxg6 Kxg6 30. Qg2+ Kf7 31. Bxf5 exf5 32. Qg7+ Ke8 33. h7 Qe6 34. Bd2 Bf6 35. h8Q Bxg7 36. Qxg7 1-0

[Event "GER-ch U12"]
[Site "Willingen"]
[Date "2023.06.02"]
[Round "8"]
[White "Albrecht, Neil"]
[Black "Sydykov, Bayastan"]
[Result "0-1"]
[WhiteElo "1690"]
[BlackElo "1939"]
[PlyCount "84"]
[EventDate "2023.05.27"]
[EventType "swiss"]
[EventRounds "9"]
[EventCountry "GER"]
[SourceTitle "CBM 214 Extra"]
[Source "ChessBase"]
[SourceDate "2023.07.31"]
[SourceVersion "1"]
[SourceVersionDate "2023.07.31"]
[SourceQuality "1"]

1. e4 e6 2. d4 d5 3. e5 c5 4. c3 Nc6 5. Nf3 Qb6 6. a3 c4 7. Nbd2 Na5 8. Rb1 Bd7 9. b3 cxb3 10. Nxb3 Ba4 11. Nxa5 Bxd1 12. Rxb6 axb6 13. Bb5+ Ke7 14. Kxd1 Rxa5 15. a4 Kd8 16. Ng5 Nh6 17. h4 Kc7 18. Rh3 Be7 19. Rf3 Raa8 20. Nxf7 Rhf8 21. Bg5 Rxf7 22. Rxf7 Nxf7 23. Bxe7 Rg8 24. g4 Nd8 25. Bd6+ Kc8 26. Ke2 h5 27. g5 g6 28. Be7 Nc6 29. Bf6 Kc7 30. Kd3 Na7 31. c4 Nxb5 32. axb5 Kd7 33. cxd5 exd5 34. f4 Ke6 35. Ke3 Ra8 36. Kd3 Ra3+ 37. Kc2 Rh3 38. Bd8 Rxh4 39. Bxb6 Rxf4 40. Kd2 h4 41. Ke3 Rf5 42. Ba5 h3 0-1

[Event "GER-ch U12"]
[Site "Willingen"]
[Date "2023.05.28"]
[Round "1"]
[White "Sydykov, Bayastan"]
[Black "Rau, Eduard"]
[Result "1/2-1/2"]
[WhiteElo "1939"]
[BlackElo "1393"]
[PlyCount "178"]
[EventDate "2023.05.27"]
[EventType "swiss"]
[EventRounds "9"]
[EventCountry "GER"]
[SourceTitle "CBM 214 Extra"]
[Source "ChessBase"]
[SourceDate "2023.07.31"]
[SourceVersion "1"]
[SourceVersionDate "2023.07.31"]
[SourceQuality "1"]

1. e4 e5 2. Nf3 Nc6 3. Bb5 a6 4. Bxc6 dxc6 5. 0-0 Bg4 6. h3 Bh5 7. d3 f6 8. Be3 c5 9. Qe2 Bd6 10. Nbd2 Ne7 11. c3 Nc6 12. Rfd1 0-0 13. Nf1 Qe7 14. g4 Bg6 15. Ng3 Qe8 16. Nh4 Ne7 17. Kh1 Qc6 18. f3 Qd7 19. Rg1 Kf7 20. Rad1 Rh8 21. d4 exd4 22. cxd4 cxd4 23. Rxd4 h5 24. Nxg6 Nxg6 25. Kg2 hxg4 26. hxg4 Rh4 27. Rd5 Rah8 28. Kf1 Qa4 29. b3 Qc6 30. Qc4 Qxc4+ 31. bxc4 Ne5 32. c5 Be7 33. Kf2 Rh2+ 34. Rg2 c6 35. Rd2 Nc4 36. Re2 Nxe3 37. Kxe3 Bxc5+ 38. Kd3 Rxg2 39. Rxg2 b5 40. f4 Rh3 41. e5 fxe5 42. fxe5 Ke6 43. Ke4 g6 44. Nf5 Rc3 45. Nh4 Rc4+ 46. Kf3 g5 47. Nf5 Kxe5 48. Re2+ Kf6 49. Re8 Rc2 50. Rc8 Bb4 51. Nd4 Rc3+ 52. Ke4 c5 53. Rc6+ Kf7 54. Ne6 Rc4+ 55. Kf5 a5 56. Rc7+ Ke8 57. Ng7+ Kf8 58. Ne6+ Ke8 59. Kf6 Bc3+ 60. Kf5 b4 61. Ra7 Bd2 62. Rxa5 Be3 63. Nc7+ Kd7 64. Nd5 Rc3 65. Nxe3 Rxe3 66. Rxc5 Ra3 67. Rc4 Rxa2 68. Rxb4 Ra5+ 69. Kf6 Rc5 70. Rb7+ Ke8 71. Rb8+ Kd7 72. Rg8 Rc6+ 73. Kxg5 Ke7 74. Rg7+ Kf8 75. Rg6 Rc1 76. Rb6 Rg1 77. Kf6 Rf1+ 78. Kg6 Rg1 79. g5 Rg2 80. Rb8+ Ke7 81. Kh6 Kf7 82. Rb7+ Kf8 83. Kg6 Rg1 84. Rb4 Rg2 85. Rf4+ Kg8 86. Kf6 Ra2 87. Re4 Ra6+ 88. Re6 Rxe6+ 89. Kxe6 Kg7 1/2-1/2

[Event "Bayern Jubilar U12"]
[Site "Bayreuth"]
[Date "2022.08.30"]
[Round "6"]
[White "Herrmann, Arthur"]
[Black "Sydykov, Bayastan"]
[Result "1-0"]
[WhiteElo "1686"]
[BlackElo "1655"]
[PlyCount "87"]
[EventDate "2022.08.27"]
[EventType "swiss"]
[EventRounds "7"]
[EventCountry "GER"]
[SourceTitle "EXT 2023"]
[Source "ChessBase"]
[SourceDate "2022.10.05"]
[SourceVersion "1"]
[SourceVersionDate "2022.10.05"]
[SourceQuality "1"]

1. e4 e6 2. d4 d5 3. Nc3 dxe4 4. Nxe4 Be7 5. Nf3 Nf6 6. Bd3 Nbd7 7. Qe2 c5 8. c3 Qc7 9. 0-0 0-0 10. Bg5 Re8 11. dxc5 Nd5 12. Nd6 Rd8 13. Bxe7 Nxe7 14. Bxh7+ Kxh7 15. Ng5+ Kg8 16. Ngxf7 Nxc5 17. Nxd8 Qxd6 18. Rad1 Qc7 19. b4 Na4 20. Nxe6 Nxc3 21. Nxc7 Nxe2+ 22. Kh1 Rb8 23. Rde1 Bf5 24. Rxe2 Bd3 25. Rfe1 Bxe2 26. Rxe2 Kf7 27. g3 Nc6 28. a3 Rd8 29. Kg2 Rd7 30. Nb5 Rd3 31. Re3 Rd2 32. Kf1 a6 33. Ke1 Rd7 34. Nc3 Nd4 35. Rd3 Re7+ 36. Kd2 Ne6 37. Nd5 Re8 38. f4 g6 39. h4 Ng7 40. Ne3 Nh5 41. Nc4 Re7 42. Ne5+ Kf6 43. Rc3 Rg7 44. Ke2 1-0

[Event "Bayern Jubilar U12"]
[Site "Bayreuth"]
[Date "2022.08.28"]
[Round "3"]
[White "Besou, Hussain"]
[Black "Sydykov, Bayastan"]
[Result "1-0"]
[WhiteElo "2061"]
[BlackElo "1655"]
[PlyCount "51"]
[EventDate "2022.08.27"]
[EventType "swiss"]
[EventRounds "7"]
[EventCountry "GER"]
[SourceTitle "EXT 2023"]
[Source "ChessBase"]
[SourceDate "2022.10.05"]
[SourceVersion "1"]
[SourceVersionDate "2022.10.05"]
[SourceQuality "1"]

1. d4 d5 2. c4 e6 3. Nf3 Nf6 4. g3 c5 5. cxd5 exd5 6. Bg2 Nc6 7. 0-0 Be7 8. dxc5 Bxc5 9. Nc3 Be6 10. Bg5 d4 11. Ne4 Be7 12. Bxf6 Bxf6 13. Nc5 Bd5 14. Rc1 0-0 15. a3 b6 16. Nd3 Re8 17. Nfe1 Ne5 18. Nxe5 Rxe5 19. Nd3 Bxg2 20. Kxg2 Rh5 21. e4 Rh6 22. Qg4 Qe8 23. Rfe1 Qb5 24. Rc8+ Qe8 25. Rxe8+ Rxe8 26. Qd7 1-0

[Event "Krefeld op"]
[Site "Krefeld"]
[Date "2022.08.08"]
[Round "9"]
[White "Bub, Volker"]
[Black "Sydykov, Bayastan"]
[Result "1-0"]
[WhiteElo "2058"]
[BlackElo "1655"]
[PlyCount "61"]
[EventDate "2022.08.04"]
[EventType "swiss"]
[EventRounds "9"]
[EventCountry "GER"]
[SourceTitle "CBM 209 Extra"]
[Source "ChessBase"]
[SourceDate "2022.09.30"]
[SourceVersion "1"]
[SourceVersionDate "2022.09.30"]
[SourceQuality "1"]

1. Nf3 Nf6 2. g3 d5 3. Bg2 g6 4. 0-0 Bg7 5. d3 0-0 6. Nbd2 c6 7. e4 Nbd7 8. e5 Ne8 9. d4 h6 10. Re1 f6 11. Nh4 Kh7 12. e6 Nb6 13. Qg4 g5 14. Bf1 gxh4 15. Qf5+ Kg8 16. Bd3 Rf7 17. Qh7+ Kf8 18. exf7 Kxf7 19. Bg6+ Kf8 20. Nf3 e5 21. Bxh6 Be6 22. Bxe8 Bxh6 23. Qxh6+ Kxe8 24. dxe5 hxg3 25. hxg3 Kd7 26. exf6 Qg8 27. Ng5 Re8 28. Nxe6 Rxe6 29. Rxe6 Qxe6 30. Qg7+ Ke8 31. f7+ 1-0

[Event "GER-ch U12"]
[Site "Willingen"]
[Date "2022.06.11"]
[Round "9"]
[White "Nemitz, Alfred"]
[Black "Sydykov, Bayastan"]
[Result "1-0"]
[WhiteElo "1611"]
[BlackElo "1477"]
[PlyCount "95"]
[EventDate "2022.06.04"]
[EventType "swiss"]
[EventRounds "9"]
[EventCountry "GER"]
[SourceTitle "CBM 208 Extra"]
[Source "ChessBase"]
[SourceDate "2022.07.31"]
[SourceVersion "1"]
[SourceVersionDate "2022.07.31"]
[SourceQuality "1"]

1. a3 d5 2. d4 e6 3. c4 Nf6 4. Nc3 Be7 5. cxd5 exd5 6. Bg5 0-0 7. e3 c6 8. Bd3 Nbd7 9. Nf3 Re8 10. h3 Nf8 11. Bf4 Ng6 12. Bh2 Bd6 13. Bxd6 Qxd6 14. 0-0 Bd7 15. b4 a6 16. Rb1 Ne4 17. Qc2 f5 18. a4 Qf6 19. b5 axb5 20. axb5 Ra3 21. Rb3 Rea8 22. bxc6 bxc6 23. Rfb1 Rxb3 24. Qxb3 Be6 25. Qb7 Rc8 26. Na4 Nh4 27. Bxe4 fxe4 28. Nxh4 Qxh4 29. Nc5 Bxh3 30. gxh3 Rf8 31. Rb2 Qg5+ 32. Kh1 Qh5 33. Qd7 Qd1+ 34. Kh2 Qf1 35. f4 Rxf4 36. exf4 Qxf4+ 37. Kg2 Qf3+ 38. Kg1 h6 39. Rg2 g5 40. Ne6 Qf6 41. Qd8+ Kf7 42. Rf2 Qf3 43. Rxf3+ exf3 44. Qd7+ Kf6 45. Nd8 f2+ 46. Kf1 g4 47. h4 g3 48. Qf7# 1-0

[Event "GER-ch U12"]
[Site "Willingen"]
[Date "2022.06.08"]
[Round "6"]
[White "Sydykov, Bayastan"]
[Black "Albrecht, Neil"]
[Result "1-0"]
[WhiteElo "1477"]
[BlackElo "1376"]
[PlyCount "67"]
[EventDate "2022.06.04"]
[EventType "swiss"]
[EventRounds "9"]
[EventCountry "GER"]
[SourceTitle "CBM 208 Extra"]
[Source "ChessBase"]
[SourceDate "2022.07.31"]
[SourceVersion "1"]
[SourceVersionDate "2022.07.31"]
[SourceQuality "1"]

1. e4 e5 2. Nf3 Nc6 3. Bb5 a6 4. Bxc6 dxc6 5. 0-0 Bg4 6. h3 h5 7. d3 Qf6 8. Be3 Bxf3 9. Qxf3 Qxf3 10. gxf3 0-0-0 11. f4 exf4 12. Bxf4 f6 13. Nd2 g5 14. Be3 Bd6 15. f3 Ne7 16. Nc4 Rdg8 17. Nxd6+ cxd6 18. Rf2 g4 19. fxg4 hxg4 20. hxg4 Rxg4+ 21. Rg2 Rxg2+ 22. Kxg2 f5 23. exf5 Nxf5 24. Bf2 Kd7 25. a4 Re8 26. Kf3 Re6 27. Rg1 Ne7 28. Rg7 Rg6 29. Rh7 Rf6+ 30. Ke2 Ke6 31. Rh8 Kd7 32. Bb6 Re6+ 33. Kd2 Nc8 34. Rd8+ 1-0

[Event "GER-ch U12"]
[Site "Willingen"]
[Date "2022.06.06"]
[Round "3"]
[White "Sydykov, Bayastan"]
[Black "Malinowsky, Levi"]
[Result "1/2-1/2"]
[WhiteElo "1477"]
[BlackElo "1816"]
[PlyCount "62"]
[EventDate "2022.06.04"]
[EventType "swiss"]
[EventRounds "9"]
[EventCountry "GER"]
[SourceTitle "CBM 208 Extra"]
[Source "ChessBase"]
[SourceDate "2022.07.31"]
[SourceVersion "1"]
[SourceVersionDate "2022.07.31"]
[SourceQuality "1"]

1. e4 c5 2. Nf3 d6 3. d4 cxd4 4. Nxd4 Nf6 5. Bd3 e6 6. 0-0 Be7 7. Qe2 0-0 8. c4 a6 9. Nc3 Qc7 10. f4 Nbd7 11. Kh1 Re8 12. Bd2 Bf8 13. f5 Ne5 14. Rad1 Nfd7 15. b3 Nc6 16. fxe6 fxe6 17. Nf3 Be7 18. Bf4 Rf8 19. Bg3 Qa5 20. Qd2 Bf6 21. Ne2 Qxd2 22. Rxd2 Nde5 23. Bb1 Be7 24. Ned4 Nxd4 25. Rxd4 Nc6 26. Rdd1 e5 27. h3 Be6 28. Rc1 Rad8 29. Bf2 Rd7 30. Be3 h6 31. Kh2 g5 1/2-1/2

[Event "Frankfurt-chA"]
[Site "Frankfurt"]
[Date "2022.05.02"]
[Round "2"]
[White "Sydykov, Bayastan"]
[Black "Boll, Nils"]
[Result "1-0"]
[WhiteElo "1477"]
[BlackElo "1593"]
[PlyCount "67"]
[EventDate "2022.04.25"]
[EventType "swiss"]
[EventRounds "7"]
[EventCountry "GER"]
[SourceTitle "EXT 2023"]
[Source "ChessBase"]
[SourceDate "2022.10.05"]
[SourceVersion "1"]
[SourceVersionDate "2022.10.05"]
[SourceQuality "1"]

1. e4 c6 2. d4 d5 3. e5 c5 4. c3 Nc6 5. Nf3 cxd4 6. cxd4 Bg4 7. Be2 e6 8. 0-0 Nge7 9. Nc3 Nf5 10. Be3 Be7 11. h3 Bxf3 12. Bxf3 0-0 13. a3 a5 14. Qd3 Nxe5 15. dxe5 d4 16. Be4 dxe3 17. Bxf5 exf2+ 18. Kh1 exf5 19. Qxf5 Bc5 20. Rad1 Qc8 21. Qg5 h6 22. Qg3 Qc6 23. Nd5 Kh8 24. Nf4 Rae8 25. Rc1 Qb5 26. e6 Bd6 27. exf7 Rxf7 28. Ng6+ Kh7 29. Qxd6 Rf6 30. Qd4 Kxg6 31. Rxf2 Rxf2 32. Qxf2 Re2 33. Qg3+ Qg5 34. Qd3+ 1-0

[Event "Schaffhausen op"]
[Site "Schaffhausen"]
[Date "2022.03.20"]
[Round "5"]
[White "Barbier, Astrid"]
[Black "Sydykov, Bayastan"]
[Result "1-0"]
[WhiteElo "1914"]
[BlackElo "1397"]
[PlyCount "65"]
[EventDate "2022.03.18"]
[EventType "swiss"]
[EventRounds "5"]
[EventCountry "SUI"]
[SourceTitle "CBM 207 Extra"]
[Source "ChessBase"]
[SourceDate "2022.05.31"]
[SourceVersion "1"]
[SourceVersionDate "2022.05.31"]
[SourceQuality "1"]

1. e4 e6 2. Qe2 d6 3. d3 Nf6 4. g3 Be7 5. Bg2 0-0 6. f4 d5 7. e5 Nfd7 8. Nf3 c5 9. 0-0 Nc6 10. c3 b6 11. h3 f6 12. exf6 Nxf6 13. a4 Qd6 14. Na3 a6 15. Ne5 Nd7 16. Nxc6 Qxc6 17. c4 Bf6 18. Re1 Bd4+ 19. Kh2 Nf6 20. Nc2 Ra7 21. Nxd4 cxd4 22. b4 Qd6 23. c5 bxc5 24. bxc5 Qc6 25. Bb2 Rb7 26. Bxd4 Rb4 27. Be5 Qxc5 28. Rec1 Qe7 29. Rc7 Nd7 30. Rac1 Bb7 31. Rxd7 Qxd7 32. Rc7 Qxc7 33. Bxc7 1-0

[Event "Schaffhausen op"]
[Site "Schaffhausen"]
[Date "2022.03.20"]
[Round "4"]
[White "Sydykov, Bayastan"]
[Black "Ragios, Konstantinos"]
[Result "1/2-1/2"]
[WhiteElo "1397"]
[BlackElo "1968"]
[PlyCount "119"]
[EventDate "2022.03.18"]
[EventType "swiss"]
[EventRounds "5"]
[EventCountry "SUI"]
[SourceTitle "CBM 207 Extra"]
[Source "ChessBase"]
[SourceDate "2022.05.31"]
[SourceVersion "1"]
[SourceVersionDate "2022.05.31"]
[SourceQuality "1"]

1. e4 e5 2. Nf3 Nc6 3. Bb5 Nf6 4. 0-0 a6 5. Bxc6 dxc6 6. Nxe5 Qe7 7. Nf3 Bg4 8. Nc3 0-0-0 9. d3 Nd7 10. Bf4 f6 11. Qe2 g5 12. Bg3 h5 13. h3 Be6 14. Nd4 Bf7 15. Nf5 Qe8 16. Rfb1 Bg6 17. Ne3 Nb6 18. b4 Bg7 19. Nf5 Bf8 20. Qf3 Qd7 21. a4 Bxf5 22. exf5 Nd5 23. Ne4 Nxb4 24. Nxf6 Qd4 25. Ne4 Nxc2 26. Ra2 Nb4 27. Rab2 Qxd3 28. Nxg5 Qxf3 29. gxf3 Rd7 30. Ne6 a5 31. h4 Be7 32. Ng5 Bxg5 33. hxg5 Rd5 34. f4 Rxf5 35. Rd2 h4 36. Bh2 Nd5 37. Rd4 c5 38. Rc4 b6 39. Kg2 Nb4 40. Kh3 Nd3 41. Kg4 Rhf8 42. f3 Nb4 43. Re1 Nd5 44. Rce4 R5f7 45. Re8+ Kd7 46. Rxf8 Rxf8 47. f5 c4 48. g6 c3 49. Be5 Ne7 50. Bxc3 Nxf5 51. Re5 Nh6+ 52. Kxh4 Rxf3 53. Bd2 Ng8 54. Re4 Rf2 55. Bg5 Rh2+ 56. Kg4 Rg2+ 57. Kf5 Rf2+ 58. Kg4 Rg2+ 59. Kf5 Rf2+ 60. Kg4 1/2-1/2

[Event "Heusenstamm Sparkassen op U14 7th"]
[Site "Heusenstamm"]
[Date "2021.11.20"]
[Round "3.2"]
[White "Vinogradov, Ilia"]
[Black "Sydykov, Bayastan"]
[Result "0-1"]
[WhiteElo "1177"]
[BlackElo "1544"]
[PlyCount "64"]
[EventDate "2021.11.19"]
[EventType "swiss"]
[EventRounds "7"]
[EventCountry "GER"]
[SourceTitle "EXT 2023"]
[Source "ChessBase"]
[SourceDate "2022.10.05"]
[SourceVersion "1"]
[SourceVersionDate "2022.10.05"]
[SourceQuality "1"]

1. e4 e6 2. d4 d5 3. exd5 exd5 4. Nf3 Nf6 5. Nc3 Be7 6. Bd3 0-0 7. h3 Re8 8. Be3 c5 9. dxc5 Bxc5 10. 0-0 Bxe3 11. fxe3 Rxe3 12. Qd2 Re8 13. Qg5 h6 14. Qg3 Ne4 15. Bxe4 dxe4 16. Nh4 Nc6 17. Rad1 Qa5 18. Rxf7 Qg5 19. Qf2 e3 20. Qf4 Qxf4 21. Rxf4 g5 22. Rf6 gxh4 23. Rdd6 Ne5 24. Rxh6 Nf7 25. Rdg6+ Kf8 26. Rf6 Be6 27. Rh8+ Kg7 28. Rxe8 Rxe8 29. Rf1 Bc4 30. Re1 Nd6 31. b3 Bf7 32. Kf1 Nf5 0-1

[Event "Main Vogelsberg op 15th"]
[Site "Waechtersbach"]
[Date "2021.10.02"]
[Round "3.29"]
[White "Sydykov, Bayastan"]
[Black "Buettner, Anton"]
[Result "1-0"]
[WhiteElo "1440"]
[BlackElo "1152"]
[PlyCount "55"]
[EventDate "2021.10.01"]
[EventType "swiss"]
[EventRounds "5"]
[EventCountry "GER"]
[SourceTitle "EXT 2023"]
[Source "ChessBase"]
[SourceDate "2022.10.05"]
[SourceVersion "1"]
[SourceVersionDate "2022.10.05"]
[SourceQuality "1"]

1. e4 e5 2. Nf3 Nc6 3. Bb5 Nf6 4. 0-0 a6 5. Bxc6 dxc6 6. Nxe5 Bd6 7. Nf3 Bg4 8. e5 Bxe5 9. Qe1 0-0 10. Nxe5 Re8 11. f4 Nd7 12. Qf2 Nxe5 13. fxe5 Rf8 14. Nc3 f6 15. Qg3 Qd4+ 16. Qe3 Qd8 17. d3 Bd7 18. Bd2 b6 19. Rae1 Re8 20. Qg3 Re6 21. Ne4 Kh8 22. exf6 gxf6 23. Rxf6 Rxe4 24. Rf8+ Qxf8 25. Bc3+ Re5 26. Rxe5 h6 27. Re7+ Qf6 28. Bxf6# 1-0